000 00585nam a2200253Ia 4500
005 20250425160742.0
008 250425s9999 xx 000 0 und d
020 _a8448116119
041 _aspa
082 _a658.8
100 _aLAMBIN, JEAN-JACQUES
245 0 _aMARKETING ESTRATEGICO
250 _a3A ED.
260 _aEspaƱa
_bMCGRAW HILL
_c1995
260 _aMADRID
300 _a610
650 _aCLIENTES
650 _aCOMPETITIVIDAD
650 _aESTRATEGIAS
650 _aMARKETING
700 _aSALVADOR MIQUEL
_etraductor
942 _c01
010 _a4401
999 _c195427
_d195427